LEADER 00900nam a2200205 i 4500 001 000000235678 003 CaOOAMICUS 005 20141112000000.0 008 141112s1899 it u000 u ita u 013 $a214582 040 $aSeMil$bita 245 12$aI cardinali ed il conclave :$bpensieri e note di un conservatore cattolico. 260 $aRoma :$bTipografia della Camera dei Deputati,$c1899. 300 $a160 p. ;$c23 cm. 650 4$aPapi - Elezione.$0(OLS)http://semarc/subject/4802 650 4$aConclave - Veto di escusione.$0(OLS)http://semarc/subject/17194 850 $aSeMil 852 $aSeMil$W1$xVenegono$y1$m3B III 59 FA$j186024$B186024$CSeMilBibl$Z2$F196909 $8I 996 $6245$aI cardinali ed il conclave :$bpensieri e note di un conservatore cattolico$9(OLS)http://semarc/title/335918 996 $6260$aRoma :$bTipografia della Camera dei Deputati$9(OLS)http://semarc/publisher/38847 LEADER 00491nab a2200157 i 4500 001 000000266888 003 CaOOAMICUS 005 20180831164743.0 008 180831n xx uu u0 0und r 013 $a11239 040 $aSeMil$bita 245 10$a[vedi periodico]. 500 $aDicembre 1996. 773 0 $tSergio Quinzio.$dMelzo (Milano) : CENS, copyr. 1996 (stampa 1997)$w()162897 774 0 $tBibliografia di Sergio Quinzio.$w()305430 996 $6245$a[vedi periodico]$9(OLS)http://semarc/title/309439